[Event "Andalucia-chA"]
[Site "Algeciras"]
[Date "2018.05.19"]
[Round "6"]
[White "Moreno Valle, Agustin"]
[Black "Herrera Delgado, Alejandro"]
[Result "0-1"]
[WhiteElo "2095"]
[BlackElo "2266"]
[PlyCount "165"]
[EventDate "2018.05.12"]
[EventType "swiss"]
[EventRounds "8"]
[EventCountry "ESP"]
[SourceTitle "EXT 2020"]
[Source "ChessBase"]
[SourceDate "2019.10.17"]
[SourceVersion "1"]
[SourceVersionDate "2019.10.17"]
[SourceQuality "1"]

1. e4 c5 2. Nf3 Nc6 3. d3 g6 4. g3 Bg7 5. Bg2 e5 6. 0-0 Nge7 7. c3 0-0 8. Be3 d6 9. Na3 Kh8 10. d4 cxd4 11. cxd4 Bg4 12. d5 Nd4 13. Bxd4 exd4 14. Qd3 Bxf3 15. Bxf3 Rc8 16. Rac1 Rxc1 17. Rxc1 a6 18. Rd1 Qa5 19. Nc4 Qc5 20. Nd2 Rc8 21. Nb3 Qc2 22. Qxc2 Rxc2 23. Rd2 d3 24. Rxd3 Rxb2 25. Rd2 Rxd2 26. Nxd2 b5 27. Be2 f5 28. f3 Bc3 29. Nb3 fxe4 30. fxe4 g5 31. Kf2 Ng6 32. Ke3 Ne5 33. h3 Be1 34. g4 Bc3 35. Bf1 Kg7 36. Nc1 Kf6 37. Ne2 Nc4+ 38. Kd3 Be5 39. Nc1 Bf4 40. Nb3 Ke5 41. Bg2 a5 42. Nd4 Nb2+ 43. Kc2 Kxd4 44. Kxb2 Ke3 45. Bf1 Kxe4 46. Bxb5 Kxd5 47. Kc3 Ke5 48. Kd3 Bc1 49. a4 Kf4 50. Kd4 Kg3 51. Bf1 Kf2 52. Bd3 h6 53. Kd5 Bf4 54. Bb5 Kg2 55. Ke4 Kxh3 56. Kf3 d5 57. Bd7 d4 58. Ke4 Be3 59. Kf3 Kh4 60. Be8 Bc1 61. Bg6 Bf4 62. Bf5 h5 63. gxh5 Kxh5 64. Ke4 Be3 65. Kf3 Kh6 66. Ke4 Bg1 67. Kf3 Kg7 68. Ke4 Kf6 69. Bg4 Ke7 70. Kd5 Bf2 71. Bf5 Bg1 72. Ke5 Bf2 73. Be4 g4 74. Kf4 g3 75. Kf3 Kd6 76. Ke2 Kc5 77. Kd3 Kb4 78. Bc6 Be3 79. Kc2 Kc4 80. Be4 Bf4 81. Kd1 Kb3 82. Bc6 d3 83. Ke1 0-1

[Event "Andalucia-chA"]
[Site "Algeciras"]
[Date "2018.05.12"]
[Round "2"]
[White "Moreno Valle, Agustin"]
[Black "Bernabeu Lopez, Carlos Javier"]
[Result "1/2-1/2"]
[WhiteElo "2095"]
[BlackElo "2321"]
[PlyCount "127"]
[EventDate "2018.05.12"]
[EventType "swiss"]
[EventRounds "8"]
[EventCountry "ESP"]
[SourceTitle "EXT 2020"]
[Source "ChessBase"]
[SourceDate "2019.10.17"]
[SourceVersion "1"]
[SourceVersionDate "2019.10.17"]
[SourceQuality "1"]

1. e4 e5 2. Nf3 Nc6 3. Bc4 Bc5 4. d3 Nf6 5. Bb3 d6 6. c3 a6 7. 0-0 Ba7 8. Re1 h6 9. Be3 0-0 10. Nbd2 Re8 11. Nf1 d5 12. Bxa7 Rxa7 13. Ng3 d4 14. a4 Ra8 15. h3 Qd6 16. Qc2 Bd7 17. Rac1 Rac8 18. Ne2 dxc3 19. bxc3 Na5 20. Ba2 Qc6 21. Ra1 b6 22. Ng3 Qc5 23. Qb2 Qc6 24. Nd2 Be6 25. d4 Bxa2 26. Rxa2 Nc4 27. Nxc4 Qxc4 28. Raa1 exd4 29. cxd4 Rcd8 30. e5 Nd5 31. Re4 Re6 32. Nf5 Rg6 33. Qa3 Qc2 34. Rae1 Rd7 35. R1e2 Qc6 36. Re1 Qc2 37. Nh4 Rc6 38. Qg3 Nc3 39. Rg4 f5 40. exf6 Rxf6 41. Qe3 Rdf7 42. Nf3 Nd5 43. Qe4 Qxe4 44. Rgxe4 Nf4 45. Ne5 Re7 46. Kh2 Nd5 47. Nf3 Rxe4 48. Rxe4 Kh7 49. Kg3 Rg6+ 50. Kh2 Rc6 51. Re5 Nc3 52. a5 b5 53. Nd2 Nd1 54. Nb3 Nxf2 55. Rc5 Rxc5 56. Nxc5 b4 57. Kg3 Nd1 58. Kf3 Nb2 59. Nxa6 Nc4 60. Nxb4 Nxa5 61. d5 Kg6 62. Ke4 Kf6 63. Na6 c6 64. dxc6 1/2-1/2

[Event "Almansa U2000 op 7th"]
[Site "Almansa"]
[Date "2012.08.09"]
[Round "4"]
[White "Navarro Palma, Javier"]
[Black "Moreno Valle, Agustin"]
[Result "0-1"]
[WhiteElo "1823"]
[BlackElo "1997"]
[PlyCount "104"]
[EventDate "2012.08.07"]
[EventType "swiss"]
[EventRounds "9"]
[EventCountry "ESP"]
[SourceTitle "EXT 2024"]
[Source "ChessBase"]
[SourceDate "2023.10.10"]
[SourceVersion "1"]
[SourceVersionDate "2023.10.10"]
[SourceQuality "1"]

1. d4 d5 2. e3 Nf6 3. Bd3 e6 4. Nf3 Bd6 5. Ne5 0-0 6. 0-0 b6 7. f4 Bb7 8. Rf3 Ne4 9. Rh3 g6 10. Bxe4 dxe4 11. Qg4 f5 12. Qg3 Bxe5 13. fxe5 c5 14. c3 Nc6 15. Nd2 Ba6 16. Nb3 Rf7 17. Nd2 Qe7 18. b3 b5 19. Ba3 b4 20. cxb4 cxd4 21. b5 Qxa3 22. bxc6 Qb2 23. Qe1 d3 24. Qc1 Qxe5 25. b4 Bb5 26. Rb1 Rc7 27. Nc4 Qd5 28. Na5 d2 29. Qd1 Qxa2 30. Qb3 Qxb3 31. Nxb3 Rd8 32. Rd1 Rxc6 33. Rxd2 Rxd2 34. Nxd2 Rc2 35. Nb3 Rb2 36. Nd4 Rxb4 37. Nxb5 Rxb5 38. g4 fxg4 39. Rg3 h5 40. h3 Rg5 41. Rg2 Kg7 42. Kh2 g3+ 43. Kg1 h4 44. Ra2 a5 45. Ra4 Re5 46. Rc4 g5 47. Rc7+ Kf6 48. Rb7 Rc5 49. Ra7 g4 50. hxg4 h3 51. g5+ Kg6 52. Kf1 g2+ 0-1